000 00364nam a2200133 i 4500
001 bg
100 1 _aKAWALEC, Mieczysław
245 0 _aSkrawanie hartowanych stali i źeliwa narzędziami o określonej geometrii ostrza /
_cM. Kawalec.
260 _aPoznań,
_c1990.
040 _cBPK
041 _apol
942 _cKS
008 s pl f |000 0 pol
999 _c29222
_d29222
856 _uhttp://koha.tu.koszalin.pl/cgi-bin/koha/opac-detail.pl?biblionumber=29222
_yKatalog online BPK